[Event "Match 70__120'/40"]
[Site "Zürich"]
[Date "2022.??.??"]
[Round "8"]
[White "CXG Sphinx Legend"]
[Black "CXG Sphinx 40 most agg"]
[Result "1-0"]
[WhiteElo "1816"]
[BlackElo "1780"]
[Annotator "Utzinger,K"]
[PlyCount "132"]
[EventDate "2022.??.??"]

{[%evp 0,132,29,26,30,0,10,10,6,9,9,2,3,-9,30,24,31,18,-4,41,38,-6,-23,-29,1,
-10,-3,-9,-9,-25,3,3,1,-23,-9,-34,-30,-33,-30,-62,-64,-75,-71,-76,-66,-269,
-259,-281,-241,-186,-206,-169,0,-37,0,0,38,42,127,112,113,90,46,46,106,110,136,
114,114,50,19,44,64,64,148,87,122,87,182,95,185,132,191,156,197,175,219,163,
167,174,196,107,167,190,266,261,234,244,254,256,256,252,281,299,318,260,278,
278,543,558,606,622,622,750,1027,1062,1062,825,866,865,1608,809,1756,2143,2575,
3007,1591,2023,1968,2435,1913,29982,29985,29986,29987]} 1. Nf3 d5 {Match 120'/
40 | Bediener: Rolf Bühler | 8. Partie: Weiss (Legend) gewinnt |
Zwischenstand: 4,5-3,5 (56,3%) für die CXG Sphinx 40 most agg | Die
Eröffnung 1.Sf3 d5 2.c4 d4 3.e3 läuft unter Réti-Eröffnung oder, was mir
besser gefällt, weil logischer, unter "Umgekehrter Franco-Benoni Struktur".
Und wie fast üblich, gelingt es auch hier Weiss nicht, einen
Eröffnungsvorteil herauszuholen. Als die Sphinx Legend mit 22.g3 ihre
Königsstellung schwächt, ist das jedoch ihr Todesurteil. Die Sphinx 40
vermag dann jedoch dieses Urteil nicht zu vollstrecken und bringt sich selber
in eine verlorene Stellung, die nach beidseitigen Ungenauigkeiten mit dem Sieg
des Programms von Gyula Horvath endet.} 2. c4 d4 3. e3 Nc6 4. exd4 Nxd4 5. Nxd4
Qxd4 6. Nc3 e5 7. d3 {***ENDE BUCH***} Ne7 {***ENDE BUCH***} 8. Be3 Qd7 9. Be2
({Auch} 9. d4 {kommt durchaus in Frage, um sich vom rückständigen d3-Bauer
zu befreien.}) 9... Nf5 {Schwarz hat die Eröffnung ausgeglichen gestalten
können.} 10. Bd2 {Dieser lahme Rückzug kann nicht das Gelbe vom Ei sein.} (
10. Bg4 {ist eine interessante Fortsetzung in der Meinung, den starken
Springer zu tauschen.}) (10. O-O {Rapide Entwicklung macht mir ebenfalls den
besseren Eindruck als der von Weiss gewählte Zug.}) 10... Bc5 $15 {Und schon
steht Schwarz eine Spur besser.} 11. Ne4 Bd4 12. Qc2 Nd6 13. O-O O-O 14. Rfe1 {
Logischer scheint 14.Lc3, um sich den lästigen Läufer auf d4 zu entledigen.}
Qf5 15. Bf3 Nxe4 {Nun geht Lxe4 nicht wegen ...Dxf2+ mit Bauernverlust.} 16.
dxe4 {Auch das Schlagen mit dem Turm war eine Überlegung wert, was dem Lf3
die schöne Diagonale h1-a8 offen lässt.} Qg6 17. Qb3 {Ein typischer
Computerzug, der die Entwicklung des Lc8 behindern soll, ansonsten aber wenig
bis gar nichts leistet.} Bg4 {Ein menschlicher Spieler hätte wohl zu 17...c5
gegriffen, was die Position des d4-Läufer auf alle Zeit zementiert.} 18. Bxg4
Qxg4 19. Qxb7 {Nichts sprach gegen Lc3 oder Le3.} Rab8 20. Qxc7 Rxb2 21. Qa5
Qh4 {[#]} 22. g3 $2 {Notwendig war 22.Tf1. Weiss mit einem Bauernplus glaubt
so, die Drohung gegen f2 abzuwehren, kommt aber mit diesem taktischen Fehler
in eine verlorene Stellung.} Bxf2+ $1 {Die "Unergründliche" packt die
günstige Gelegenheit beim Schopf, ohne allerdings - wie man noch sehen wird -
den vollen Durchblick zu haben.} 23. Kxf2 Qxh2+ 24. Ke3 Qxg3+ 25. Ke2 Qf4 $2 {
Schwarz verdirbt die hoch gelobte Kombination und muss dem Gegner den
Ausgleich zugestehen. Indessen hätte der stille Zug 25...Dh4 mit der Drohung .
..Td8 gewonnen. Allerdings eine viel zu tiefe Abwicklung, die Schwarz nicht
erkennen konnte.} (25... Qh4 26. Kd1 Rd8 27. Rc1 Qh5+ 28. Re2 Qh1+ 29. Re1 Qf3+
30. Re2 Rd3 31. c5 h6 32. c6 Re3 $1 33. Rc2 Qxe2+ 34. Kc1 Rxc2+ 35. Kxc2 Qd3+
36. Kc1 Rxe4 $19) 26. Qd5 Qh2+ 27. Kd1 Qh5+ 28. Kc1 {[#]} Rbb8 $2 {Der falsche
Turm geht nach b8, wodurch sich die Lage völlig zugunsten von Weiss dreht.} (
28... Rfb8 $1 $11 {genügt, um das Gleichgewicht zu halten.}) 29. Rb1 Rbd8 30.
Qc6 $2 {Verpasst das deutlich stärkere Db5.} Qh2 31. Rb2 Qf2 $2 {Aber Schwarz
revanchiert sich und verzichtet auf ...Dg3, eine stärkere Verteidigung.} 32.
Bb4 $18 Qf3 (32... Qf4+ 33. Kb1 Rfe8 34. Ka1 $18 {ändert nichs an der
miserablen Lage von Schwarz.}) 33. Qc5 {Kräftiger geschah Tb3.} Rc8 34. Qd5 $2
{So geht wieder ein Teil seines Vorteils in die Binsen. Nach 34.Db5 steht
Weiss noch immer spürbar besser.} Rfd8 35. Qb5 Rd4 $2 {Doch verpasst Schwarz .
..Dd3, die klar beste Verteidigung, so dass Weiss nun gar entscheidenden
Vorteil erhält.} 36. c5 $1 {Behebt die Drohung ...Txc4 und setzt seinen
starken Freibauer in Bewegung.} Qf4+ (36... Rxe4 37. Rxe4 Qxe4 {erobert wohl
einen Bauer, aber daran kann Schwarz keine Freude haben nach} 38. Rc2 Qd5 39.
a4 Qc6 40. Qxc6 Rxc6 41. Kd2 $18 {mit Gewinnstellung, denn der weisse
Freibauer wird dem Gegner seinen Turm kosten.}) 37. Bd2 {Wirkungsvoller war
Kb1, aber diese Spielphase mit offenen Linien und Schwerfiguren ist für
unsere Oldies grosses Gift, sind sie doch nicht in der Lage, die üblichen
Suchtiefen zu erreichen.} Qf2 $6 (37... Qg3 {ist besser}) 38. Bc3 Qg3 39. Kc2
$6 (39. Rc2 $1 $18 {ist deutlich stärker}) 39... Rdd8 $6 {Dazu bestand kein
Anlass, denn der Td4 durfte wegen ...Dxe1 nicht geschlagen werden. Ein
Luftloch für den schwarzen König durch ...h6 war anzuraten.} 40. Bb4 {
Den Vorzug verdient 40.c6, obwohl am weissen Vorteil auch nach dem Textzug
nicht zu rütteln ist.} Rb8 41. Qe2 Rbc8 42. Rb3 Qf4 43. Rf1 Qh6 44. Kb1 Qe6
45. Rf5 Rb8 46. Qc2 f6 47. c6 {Endlich geht es einen Schritt vorwärts.} Rbc8
48. c7 $18 {Und noch einen Schritt weiter.} Rd4 49. Ba5 {Nun hat Weiss bereits
eine übermächtige Stellung.} Qd6 50. Rb7 Rd1+ 51. Kb2 Kh8 $2 {Wenn schon ein
Königszug, dann ...Kf7 zum Zentrum hin. Die Nachteile dieses Manövers,
Schwächung der Grundlinie, werden sich bald einmal zeigen.} 52. Bb4 Qd4+ 53.
Bc3 Qd7 54. Rb8 Rd6 (54... Qxc7 {geht natürlich nicht wegen} 55. Rxc8+ Qxc8
56. Qxd1 {mit entscheidendem materiellem Vorteil}) 55. Bxe5 {Der Legend macht
von der Schwäche des schwarzen Königszuges nach h8 Gebrauch. Der Läufer
darf wegen Tf8+ nebst Matt nicht geschlagen werden.} Rb6+ 56. Kc1 Qe8 57. Rxc8
Qxc8 58. Bd4 Rb7 59. Rc5 a6 60. Qc4 a5 61. Qe6 $5 {Erneut nutzt Weiss die
Schwäche der schwarzen Grundreihe mit dem dummen Königszug nach h8. Dass
Legend bei diesem Scheinopfer der Dame das Matt in 10 schon gesehen hat, darf
bezweifelt werden.} Rb1+ (61... Qxe6 62. c8=Q+ Qg8 63. Qxb7 $18) 62. Kxb1 Qxe6
63. c8=Q+ Qg8 64. Qd7 Qb8+ 65. Ka1 h6 66. Rc8+ Qxc8 {***AUFGEGEBEN***} 1-0

[Event "Match 70__120'/40"]
[Site "Zürich"]
[Date "2022.??.??"]
[Round "9"]
[White "CXG Sphinx 40 most agg"]
[Black "CXG Sphinx Legend"]
[Result "0-1"]
[WhiteElo "1780"]
[BlackElo "1816"]
[Annotator "Utzinger,K"]
[PlyCount "121"]
[EventDate "2022.??.??"]

{[%evp 0,121,10,28,74,70,73,70,70,37,54,60,55,60,60,48,74,71,121,97,95,39,131,
20,86,61,49,43,43,32,27,29,41,28,33,29,67,-9,22,-84,12,-54,-67,-67,-70,-110,
-110,-124,-92,-182,-182,-152,-121,-246,-252,-243,-260,-257,-257,-257,-208,-223,
-208,-277,-277,-333,-339,-339,-334,-313,-305,-347,-351,-386,-412,-407,-415,
-408,-408,-492,-477,-533,-527,-1035,-1035,-1060,-1061,-1109,-614,-570,-630,
-643,-632,-666,-630,-667,-693,-790,-790,-790,-808,-904,-1002,-1489,-1852,
-29963,-1012,-29965,-29970,-29967,-29976,-29979,-29978,-29981,-29976,-29979,
-29984,-29985,-29986,-29989,-29990,-29991,-29992,-29993]} 1. e4 g6 {Match 120'/
40 | Bediener: Rolf Bühler | 9. Partie: Schwarz (Legend) gewinnt |
Zwischenstand: 4,5-4,5 (je 50%) unentschieden | Eine lehrreiche und
hochspannende Partie, nicht wegen der Spielweise der beiden Programme, sondern
wegen den viel zu tief versteckten und unbemerkt gebliebenen Finessen. Die
Sphinx Legend startet mit der Modernen Verteidigung 1.e4 g6, agiert aber
schlecht, so dass sich die schwarze Stellung nach nur neun (9) Zügen bereits
verlustträchtig präsentiert. Am Ende steht indessen das Programm von Gyula
Horvath als Sieger fest, weil es der Sphinx 40 nicht gelingt, seine Vorteile
zu nutzen und nach eigenen Ungenauigkeiten überspielt wird.} 2. d4 d6 3. Nc3
Bg7 {***Ende Buch***} 4. f4 c6 5. Nf3 Bg4 6. Be3 Qb6 7. Qd3 {***ENDE BUCH***}
Bxf3 8. gxf3 Qd8 {Das ist natürlich Mumpitz: Schwarz nimmt sein vor 2 Zügen
ausgeführtes Damenmanöver zurück.} (8... Qxb2 $2 {ist schlecht} 9. Rb1 Qa3
10. Rxb7 {und Schwarz steht objektiv betrachtet miserabel, doch die komplexe
Stellung hätte von unseren Oldies zu viel verlangt.}) 9. O-O-O e6 {[#] Nach
nur 9 Zügen steht Schwarz bereits grottenschlecht: Entwicklungsrückstand,
König in der Mitte. Man darf die schwarze Stellung ohne zu übertreiben als
bereits verloren ansehen, falls Weiss sich zum Durchbruch 10.f5!!
entschliessen würde.} 10. e5 $2 {Einen strategisch schlechteren Zug konnte
die CXG Sphinx 40 gar nicht machen. Nun sollte Schwarz mit ...d5 antworten,
die Stellung bliebe dann geschlossen und angesichts der weissen Doppelbauer
auf der f-Linie stellt der Vorstoss f5 keine Gefahr mehr dar. Auch erhielte
Schwarz auf f5 einen schönen Platz für einen Springer.} Ne7 $2 {Oh nein, die
CXG Sphinx Legend missachtet alle strategischen Grundsätze und überlasst dem
gegnerischen Springer das riesenstarke Feld e4. Wie gesagt, musste 10...d5 =
geschehen.} 11. Bh3 $2 {Noch immer ist die Sphinx 40 völlig ahnungslos und
packt die grosse Chance für schon fast entscheidenden Vorteil mit 11.Se4
nicht.} O-O $2 {Bringt zwar wenigstens den König in Sicherheit, insoweit als
dieser nicht in der Brettmitte verbleiben muss, aber erlaubt erneut, dass sich
ein weisser Springer auf e4 einnistet mit deutlichem Vorteil für Weiss.} 12.
Ne4 {Endlich kommt Weiss auf die richtige Idee, aber mit weit geringerer
Wirkung als es noch vor zwei Zügen möglich gewesen wäre.} d5 13. Nd6 Qc7 $2
{Notwendig war es, die Dame nach d7 zu bringen und damit den Punkt f5 ein
drittes Mal zu überdecken.} 14. Qb3 $6 {Die Sphinx 40 geht an einem tief
versteckten taktischen Schuss vorbei.} (14. f5 $3 exf5 15. Bxf5 $1 gxf5 (15...
Nxf5 16. Nxf5 gxf5 17. Rhg1 {und gewinnt}) 16. Rdg1 $18 {und der weisse
Angriff ist entscheidend, z.B.} f4 $1 17. Bxf4 (17. Rxg7+ {gewinnt ebenfalls})
17... Ng6 18. Qd2 f6 19. e6 $1 Na6 20. Nf5 $1 Qxf4 (20... Nxf4 21. Rxg7+) 21.
Ne7+ Nxe7 22. Qxf4 $18) 14... b5 {Die Hergabe des b7-Bauern kommt nicht in
Frage.} 15. Qc3 $6 {Selbst jetzt sieht 15.f5! noch gut spielbar aus mit
weissem Vorteil.} a6 $2 {Schwarz sollte mit 15...Sec8! an die Verteidigung
denken und das starke weisse Ross auf d6 beseitigen mit dann gar leichtem
Vorteil für ihn.} 16. Rhg1 $6 {Danach ist es vorbei mit dem weissen Vorteil.
Noch immer funktioniert 16.f5!! und es stünde Schwarz ein schwerer
Verteidigungskrieg bevor.} Nc8 {Jetzt nicht mehr unbedingt notwendig, weil der
Entwicklungszug 16...Sd7 die schwarze Stellung auch nach 17.f5 halten würde.}
17. Nxc8 Rxc8 $2 {Immer wieder der gleiche Fehler zum selben Motiv. Schwarz
musste mit der Damen nehmen und so den Durchbruch f4-f5 verhindern.} 18. Qa3 $2
{Ein schwacher Zug, wonach der Vorteil an Schwarz übergehen könnte.} ({Mit} 
18. f5 $3 {hätte Weiss die Initiative wieder übernehmen können und Schwarz
gerät erneut in grosse Schwierigkeiten.} exf5 19. Bxf5 $1 $16 {Das wäre eben
mit der schwarzen Dame auf c8 nicht möglich.}) 18... Nd7 (18... c5 $1 {
Mit diesem Bauernopfer reisst Schwarz das Gesetz des Handelns an sich und
erhält Gegenspiel.} 19. Qxc5 (19. dxc5 Nd7 $15) 19... Qd7 20. Qb4 a5 21. Qd2
Nc6 $15 {und die schwarzen Chancen sind günstiger.}) 19. Qe7 $2 {Das sieht
doch recht gut aus. In der Tat verpasst Weiss indessen wohl die letzte
Gelegenheit, mit 19.f5! im Spiel zu bleiben.} Nb6 $2 {Die falsche Reaktion.
Nach 19...c5! hätte Schwarz endgültig die Initiative an sich reissen können.
} 20. Qh4 $2 {Verpasst den noch immer möglichen Ausgleich.} ({Nach} 20. Qxc7
$1 Rxc7 21. f5 $1 exf5 22. Bxf5 $1 $11 {sind die Chancen ausgeglichen und das
Schlagen des Läufers verboten} gxf5 $2 23. Bh6 $18 {und gewinnt}) 20... Nc4
21. Qe1 a5 $6 {Nicht am besten.} (21... Nxe3 {Ebenso stark ist ...c5 usw.} 22.
Qxe3 c5 23. dxc5 Bf8 $1 24. Rg2 Bxc5 25. Qd2 Kh8 $17 {und Schwarz bleibt am
Drücker.}) 22. Bf1 $6 {Vergibt nach der gegnerischen Ungenauigkeit die letzte
Möglichkeit, um mit 22.f5 Unruhe im gegnerischen Lager anzuzetteln.} c5 $1 {
So nimmt Schwarz das Ruder wieder in die Hand.} 23. Bxc4 ({Oder} 23. dxc5 Nxe3
24. Qxe3 Bf8 25. Rg2 Bxc5 $17 {und Schwarz steht spürbar besser}) 23... cxd4 {
Die richtige Methode der Abwicklung.} 24. Bd3 {Für die CXG Sphinx 40 ist das
logisch: Man gibt den lahmen Le3, behält dafür den besseren Läufer, der
auch c2 verteidigen kann. Die Engines sehen das aus nur ihnen zugänglichen
Gründen geradezu umgekehrt und meinen, dass Txd4 mehr Widerstand leistet.} (
24. Rxd4 dxc4 25. c3 Qb7 {-/+ oder gar -+ ist ebenfalls recht ungemütlich
für Weiss.}) 24... dxe3 25. Qxe3 b4 {Die Engines haben Recht, wenn sie 25...
a4 als Gewinn betrachten, weil hernach das Aufbrechen der weisse
Rochadestellung nicht mehr zu verhindern ist.} 26. Qd4 $2 {Dieser taktische
Missgriff beendet die Partie am schnellsten.} Bf8 $1 {Droht ...Lc5 mit
Eroberung der Dame, und da die Dame nur schwarzfeldrig zurück kann, geht auf
jeden Fall die Qualität verloren. Man darf fast mit Sicherheit annehmen, dass
die Sphinx 40 diesen Rückzug des Läufers überhaupt nicht berücksichtigt
hat.} 27. f5 Bc5 28. Qf4 Bxg1 29. fxg6 (29. f6 {mit der Drohung Dh6 nebst Matt
auf g7 lässt sich leicht parieren durch} Bc5 30. Qh6 Bf8) 29... fxg6 30. Rxg1
Rf8 31. Qg3 {Wenn Schwarz nun einen nachlässigen Zug macht, z.B. ...Db7} Qf7 {
Macht alle Hoffnungen für ein Läuferopfer auf g6 zunichte und bedroht auch
den f3-Bauer.} 32. Be2 Qf4+ {Nun könnte Schwarz gar noch die Damen tauschen
und hätte bezüglich Angriffe des Gegners gar nichts mehr zu fürchten.} 33.
Kb1 Qe3 (33... Rf5 {mit Angriff auf den e5-Bauer ist stärker.}) 34. Re1 Rf7
35. Bd3 Qxf3 36. Bxg6 {Ein erfolgloses Verzweiflungsopfer.} hxg6 37. Qxg6+ Kh8
38. Qxe6 Rh7 39. Qc6 Rg8 {Der Rest mit schwarzem Mehrturm für zwei Bauern
bedarf keiner Kommentare mehr.} 40. Qc5 Rxh2 41. e6 Rh1 42. Qd4+ Rg7 43. Rc1
Qe4 44. Qxe4 Rxc1+ 45. Kxc1 dxe4 46. Kd2 Re7 47. Ke3 Rxe6 48. c4 bxc3 49. bxc3
Rc6 50. Kd4 e3 51. Kd3 a4 52. c4 Rxc4 53. Kxe3 Rc2 54. Kd3 Rxa2 55. Kc3 Kg7 56.
Kb4 Kf6 57. Kc3 Ke5 58. Kb4 Kd5 59. Kb5 a3 60. Kb4 Rf2 61. Kb3 {
***AUFGEGEBEN***} 0-1